000 00698nam a22002297a 4500
003 UA-OsUOA
001 127548
007 ta
008 20171204b un ||||| |||| 00| 0 ukr d
100 _aМазоренко О.
700 _aСерпухов М.
090 _a330(477)
_bМ13
942 _cSA
040 _aUA-OsUOA
_bukr
_cUA-OsUOA
_dUA-OsUOA
245 _aВизначення ринків збуту та умов експорту української продукції до країн ЄС
300 _aС.10-14
955 _a0
041 _aukr
080 _a330(477)
773 0 _w127547
_tЕкономіст
_dК.
_d2017
_g10
650 7 _a330 Економіка взагалі
_2UDC
999 _c414672
_d414672